The Camelot conspiracy : the Kennedys, Castro and ... Read More
Available copies
- 1 of 1 copy available at LARL/NWRL Consortium. (Show)
- 1 of 1 copy available at Northwest Regional Library.
Current holds
0 current holds with 1 total copy.
Show All Copies
| Location | Call Number / Copy Notes | Barcode | Shelving Location | Status | Due Date |
|---|---|---|---|---|---|
| Roseau Public Library | VIN (Text) | 35500004918171 | Main | Available | - |
Record details
- ISBN: 9781590206393 (hbk.)
- ISBN: 1590206398 (hbk.)
- Physical Description: 331 p. ; 24 cm.
- Edition: 1st ed.
- Publisher: New York : The Overlook Press/Derby Pub., 2011.
Search for related items by subject
| Genre: | Suspense fiction. Historical fiction. |
| LDR | 01325cam a2200337 a 4500 | ||
|---|---|---|---|
| 001 | 131682 | ||
| 003 | LARL_NWRL_CONSORTIUM | ||
| 005 | 20110510084029.0 | ||
| 008 | 110301s2011 nyu 000 1 eng | ||
| 010 | . | ‡a2011007420 | |
| 020 | . | ‡a9781590206393 (hbk.) | |
| 020 | . | ‡a1590206398 (hbk.) | |
| 035 | . | ‡a(OCoLC)669752272 | |
| 040 | . | ‡aDLC ‡cDLC ‡dIG# ‡dBTCTA ‡dYDXCP ‡dGZD | |
| 043 | . | ‡an-us--- ‡anwcu--- | |
| 049 | . | ‡aNRG | |
| 082 | 0 | 0. | ‡a813/.6 ‡222 |
| 100 | 1 | . | ‡aVincent, E. Duke. ‡0(LARL_NWRL_CONSORTIUM)205633 |
| 245 | 1 | 4. | ‡aThe Camelot conspiracy : ‡bthe Kennedys, Castro and the CIA : a novel / ‡cE. Duke Vincent. |
| 250 | . | ‡a1st ed. | |
| 260 | . | ‡aNew York : ‡bThe Overlook Press/Derby Pub., ‡c2011. | |
| 300 | . | ‡a331 p. ; ‡c24 cm. | |
| 600 | 1 | 0. | ‡aKennedy, John F. ‡q(John Fitzgerald), ‡d1917-1963 ‡xAssassination ‡vFiction. |
| 610 | 1 | 0. | ‡aUnited States. ‡bCentral Intelligence Agency ‡vFiction. |
| 650 | 0. | ‡aOrganized crime ‡vFiction. ‡0(LARL_NWRL_CONSORTIUM)166507 | |
| 651 | 0. | ‡aUnited States ‡xForeign relations ‡zCuba ‡vFiction. | |
| 655 | 7. | ‡aSuspense fiction. ‡2gsafd. | |
| 655 | 7. | ‡aHistorical fiction. ‡2gsafd. | |
| 901 | . | ‡a131682 ‡bISxN ‡c131682 ‡tbiblio | |

Add to basket
Permalink
Disable Highlighting